| 000 | 00617nam a2200145Ia 4500 | ||
|---|---|---|---|
| 008 | 100122s9999 xx 000 0 und d | ||
| 082 |
_b57076 _a394 |
||
| 100 | _aचिखले सुरेश | ||
| 245 | _aलोकमहाभारत अर्थात जांभूळ आख्यान | ||
| 260 |
_bलोकवाड.मय गृह प्रकाशन _c1999 |
||
| 300 | _a70 | ||
| 630 | _aलोकमहाभारत अर्थात जांभूळ आख्यान | ||
| 730 | _aलोकमहाभारत अर्थात जांभूळ आख्यान | ||
| 942 | _cBOOK | ||
| 999 |
_c433391 _d433388 |
||